00780nam a2200253 a 450000100060000000300080000600500170001400800410003102000220007202000180009403500190011204000270013104100080015808200260016610000170019224501100020926000560031930000290037550400540040465000120045865000110047065000270048165000180050862322BD-RjUL20211209081053.0050125s2005 coua b 000 0 eng  a1566081068 (pbk.) a9781566081061 a(BD-RjUL)62448 aDLCcDLCdBD-RjULbeng aeng00a792.028223bLEO 20051 aLevy, Gavin.10a112 acting games :ba comprehensive workbook of theatre games for developing acting skills /cGavin Levy. aColorado Springs, Colo. :bMeriwether Pub.,cc2005. a237 p. :bill. ;c22 cm. aIncludes bibliographical references (p. 235-236). 0aActing. 0aGames. 0aImprovisation (Acting) 0aActing games.